[Event "Baleares-ch"]
[Site "Menorca"]
[Date "2002.03.29"]
[Round "5"]
[White "Ducros Salva, Antonio"]
[Black "Mascaro March, Pedro"]
[Result "1/2-1/2"]
[WhiteElo "2183"]
[BlackElo "2338"]
[PlyCount "98"]
[EventDate "2002.03.25"]
[EventType "tourn"]
[EventRounds "7"]
[EventCountry "ESP"]
[SourceTitle "EXT 2003"]
[Source "ChessBase"]
[SourceDate "2002.11.25"]
[SourceVersion "1"]
[SourceVersionDate "2002.11.25"]
[SourceQuality "1"]

1. c4 Nf6 2. Nc3 e6 3. e4 d5 4. e5 d4 5. exf6 dxc3 6. bxc3 Qxf6 7. d4 e5 8. Nf3 exd4 9. cxd4 Bb4+ 10. Bd2 Bxd2+ 11. Qxd2 c5 12. Be2 Nc6 13. Rd1 cxd4 14. Nxd4 0-0 15. Nxc6 Qxc6 16. 0-0 Be6 17. Qb4 Rab8 18. Rd4 Rfc8 19. Rfd1 h6 20. a3 Qc7 21. h3 b6 22. Bg4 Bxg4 23. Rxg4 Rd8 24. Rgd4 Rxd4 25. Rxd4 Re8 26. Qd6 Qxd6 27. Rxd6 Re1+ 28. Kh2 Ra1 29. Rd8+ Kh7 30. Rd7 Rxa3 31. Rxf7 Kg6 32. Rc7 Kf6 33. f3 Rc3 34. Rxa7 Rxc4 35. Rb7 Rc6 36. Kg3 g6 37. f4 Kf5 38. Kf3 Rc3+ 39. Kf2 Rb3 40. g3 h5 41. Rf7+ Ke6 42. Rg7 Kf6 43. Rb7 b5 44. Kg2 b4 45. g4 h4 46. Rb6+ Kf7 47. Kh2 Rb2+ 48. Kh1 b3 49. f5 gxf5 1/2-1/2

[Event "Baleares-ch"]
[Site "Menorca"]
[Date "2002.03.26"]
[Round "2"]
[White "Segura Ariza, Jose Luis"]
[Black "Ducros Salva, Antonio"]
[Result "1-0"]
[WhiteElo "2220"]
[BlackElo "2183"]
[PlyCount "117"]
[EventDate "2002.03.25"]
[EventType "tourn"]
[EventRounds "7"]
[EventCountry "ESP"]
[SourceTitle "EXT 2003"]
[Source "ChessBase"]
[SourceDate "2002.11.25"]
[SourceVersion "1"]
[SourceVersionDate "2002.11.25"]
[SourceQuality "1"]

1. d4 f5 2. c4 Nf6 3. Nc3 g6 4. Nf3 d6 5. Qc2 Bg7 6. b3 0-0 7. Bb2 Nc6 8. Rd1 Bd7 9. d5 Ne5 10. Nxe5 dxe5 11. e4 f4 12. Be2 a6 13. Rd2 Qe8 14. Nd1 Ng4 15. Bxg4 Bxg4 16. f3 Bd7 17. Nf2 e6 18. d6 cxd6 19. Rxd6 Qe7 20. Qd2 Bc6 21. 0-0 Rfe8 22. Rd1 h5 23. Qa5 Qg5 24. Nh3 Qf6 25. b4 Kh7 26. Qb6 Bf8 27. R6d3 Rec8 28. Kf1 Rab8 29. b5 axb5 30. cxb5 Be8 31. Rc3 Rd8 32. Rc7+ Kh6 33. Rdc1 Bd6 34. R7c2 g5 35. Nf2 Be7 36. a4 Ra8 37. a5 Bb4 38. a6 bxa6 39. bxa6 Bd2 40. Ra1 Be3 41. Qa5 g4 42. Bxe5 Qh4 43. Qc7 Qg5 44. Ra5 gxf3 45. gxf3 Rac8 46. Qxc8 Rxc8 47. Rxc8 Bxf2 48. Kxf2 Qh4+ 49. Kg2 Qe1 50. Bxf4+ Kh7 51. Rc7+ Bf7 52. Rxh5+ Kg7 53. Rg5+ Kf8 54. Bd6+ Ke8 55. a7 Qe2+ 56. Kg3 Qe1+ 57. Kg4 Qg1+ 58. Bg3 Qa1 59. Rc8+ 1-0

[Event "Baleares-ch"]
[Site "Menorca"]
[Date "2002.03.25"]
[Round "1"]
[White "Ducros Salva, Antonio"]
[Black "Villalonga Coll, Jaume"]
[Result "1-0"]
[WhiteElo "2183"]
[BlackElo "2014"]
[PlyCount "97"]
[EventDate "2002.03.25"]
[EventType "tourn"]
[EventRounds "7"]
[EventCountry "ESP"]
[SourceTitle "EXT 2003"]
[Source "ChessBase"]
[SourceDate "2002.11.25"]
[SourceVersion "1"]
[SourceVersionDate "2002.11.25"]
[SourceQuality "1"]

1. c4 c5 2. Nc3 Nc6 3. g3 b6 4. Bg2 Bb7 5. d3 g6 6. e4 Bg7 7. Nge2 Nd4 8. 0-0 e6 9. Be3 Ne7 10. Bxd4 cxd4 11. Nb5 d5 12. exd5 exd5 13. Nbxd4 0-0 14. Rb1 Qd7 15. Nf3 dxc4 16. dxc4 Qg4 17. Qb3 Rac8 18. Rbc1 Nc6 19. h3 Qe4 20. Nc3 Nd4 21. Nxe4 Nxb3 22. axb3 Bxe4 23. Ra1 a5 24. Ne1 Rfe8 25. Bxe4 Rxe4 26. Nd3 Rd8 27. Nf4 Rd2 28. Nd5 Rxb2 29. Rab1 Rxb1 30. Rxb1 Bd4 31. Rd1 Kg7 32. Kg2 Bc5 33. Nc3 Rd4 34. Rxd4 Bxd4 35. Nd5 f5 36. Kf3 Kf7 37. Ke2 Ke6 38. f3 g5 39. Kd3 Bc5 40. f4 g4 41. hxg4 fxg4 42. Ke4 h5 43. f5+ Kd6 44. Nf4 h4 45. gxh4 Bf2 46. h5 Bh4 47. h6 g3 48. Kf3 Kc5 49. Nh5 1-0